| 000 | 00595nam a22001817a 4500 | ||
|---|---|---|---|
| 999 |
_c186039 _d186039 |
||
| 005 | 20220214105959.0 | ||
| 010 | _aENG-131559 | ||
| 020 |
_a9788192997445 _c950.00 |
||
| 035 | _aEN-115091 | ||
| 037 | _bDBAD | ||
| 082 | _a342.540853 | ||
| 100 | _aMishra, Saroj Kr. | ||
| 245 |
_aRTI and Modern Journalism/ _cSaroj Kr. Mishra |
||
| 260 |
_aNoida _bDisha International Publishing House _c2018 |
||
| 270 |
_a88, Bhunna Taga P.S. Rabapura, _bNoida _e203209 _mdishainterntionalpublishing@gmail.com |
||
| 300 |
_avii, 260p. _bIndex _c22cm(hbk) |
||
| 942 |
_2ddc _cEN _h342.540853 _mMIS |
||